|
|
|
|
| LEADER |
01386nam a2200289 u 4500 |
| 001 |
10081765 |
| 003 |
GR-PaULI |
| 005 |
20240419063312.0 |
| 008 |
091125s1975 gr f gre |
| 952 |
|
|
|0 0
|1 0
|2 ddc
|4 0
|6 180_000000000000000_VER
|7 0
|9 244409
|a LISP
|b LISP
|c DON
|d 2020-10-12
|e ΓΑΛ
|i 144871
|l 0
|o 180 VER
|p 025000271005
|r 2020-10-12 00:00:00
|t 1
|v 2020.00
|w 2020-10-12
|y BKN
|
| 999 |
|
|
|c 147499
|d 147499
|
| 040 |
|
|
|a GR-PaULI
|c GR-PaULI
|b gre
|e AACR2
|
| 041 |
1 |
|
|a gre
|h fre
|
| 082 |
0 |
4 |
|a 180
|2 23
|
| 100 |
1 |
|
|a Vernant, Jean-Pierre,
|d 1914-2007
|e συγγραφέας.
|9 30834
|
| 245 |
1 |
0 |
|a Μύθος και σκέψη στην αρχαία Ελλάδα :
|b μελέτες ιστορικής ψυχολογίας /
|c Jean-Pierre Vernant ; μετάφραση Στέλλας Γεωργούδη.
|
| 260 |
|
|
|a Αθήνα :
|b Ολκός,
|c 1975.
|
| 300 |
|
|
|a 385 σ. ;
|c 24 εκ.
|
| 500 |
|
|
|a Τίτλος πρωτοτύπου: Mythe et pensee chez les Grecs.
|
| 500 |
|
|
|a Περιλαμβάνει ευρετήριο.
|
| 650 |
|
4 |
|9 4717
|a Μυθολογία, Ελληνική
|
| 650 |
|
4 |
|9 9187
|a Φιλοσοφία, Ελληνική
|
| 651 |
|
0 |
|a Ελλάδα
|x Πολιτισμός
|9 4595
|
| 700 |
1 |
|
|9 59314
|a Γεωργούδη, Στέλλα
|e μεταφράστρια.
|
| 765 |
|
|
|i Μετάφραση του :
|t Mythe et pensee chez les Grecs
|
| 942 |
|
|
|2 ddc
|c BKN
|
| 998 |
|
|
|c ΜΠΟΥΡΑΣ
|d 2020-10
|